| 000 | 01291nam0a22003251 4500 | ||
|---|---|---|---|
| 001 | RU\NLR\INFOCOMM_223\5000047079 | ||
| 005 | 20250613094308.0 | ||
| 035 | _a(NLR Aleph) 009250173 | ||
| 090 |
_a8980058 _c8980058 |
||
| 100 | _a20100724d1992 |||y0rusy50 ca | ||
| 101 | 0 | _aeng | |
| 102 | _aRU | ||
| 105 | _aa ||||000|y | ||
| 200 | 1 |
_aMonte Carlo program for nuclear fragmentation _fP. V. Degtyarenko, M. V. Kossov |
|
| 210 |
_aМосква _cИн-т теорет. и эксперим. физики _d1992 |
||
| 215 |
_a17 с. _cграф. _d29 см |
||
| 225 | 1 |
_aInstitute of theoretical and experimental physics _v11-92 |
|
| 300 | _aВ вып. дан.: Эксклюзивный генератор процесса фрагментации ядра / П. В. Дегтяренко, М. В. Косов | ||
| 320 | _aБиблиогр.: с. 17 | ||
| 606 |
_aАтомное ядро _xФрагментация _2nlr_sh1 |
||
| 686 |
_aВ838.5 _2rubbk |
||
| 700 | 1 |
_9z01790 _aDegtjarenko _bP. V. _gPavel Vasil'evič _4070 |
|
| 701 | 1 |
_9z02790 _aKosov _bM. V. _gMichail Vladimirovič _4070 |
|
| 790 | 1 |
_9z01700 _aDegtyarenko _bP. V. _4070 |
|
| 790 | 1 |
_9z02701 _aKossov _bM. V. _4070 |
|
| 801 | 1 |
_aRU _bNLR _c20100724 |
|
| 801 | 0 |
_aRU _bNLR _gPSBO |
|
| 852 |
_aNLR _jФз01 Д-8/693 |
||
| 942 | _cBOOK | ||
| 980 | _aNB | ||